000 00480nam a22001817a 4500
003 CEME
005 20210628201848.0
008 210222b xxu||||| |||| 00| 0 eng d
020 _a0-07-462079-7
040 _c.
082 _a621.381 DHI
100 _aDhir, S.M
_957146
245 _aApplied electronics and instrumentation
260 _aNEW DELHI
_bTATA MCGRAW HILL
_c1997
300 _aXII,399P
650 _aELECTRONICS, APPLIED INSTRUMENTATION
_957147
942 _cBK
_2ddc
999 _c567444
_d567444